Memòria del Museu Marítim de Barcelona 2000/2005
Descripción Física:
79 pàgines : il·lustracions ; 30 cm
Idioma:
Catalán
MARC
| LEADER | 00000nam a2200000uc 4500 | ||
|---|---|---|---|
| 001 | 9016613 | ||
| 008 | s2006||||sp ||||gr|||| ||| ||cat|d | ||
| 017 | |a DL B 53454-2006 | ||
| 040 | |a BGR |b cat | ||
| 110 | |a Museu Marítim (Barcelona, Catalunya) |9 10020 | ||
| 245 | 0 | 0 | |a Memòria del Museu Marítim de Barcelona 2000/2005 |
| 246 | 2 | 4 | |a Història del Museu Marítim de Barcelona |
| 260 | |a Barcelona : |b Museu Marítim de Barcelona, |c 2006 | ||
| 300 | |a 79 pàgines : |b il·lustracions ; |c 30 cm | ||
| 500 | |a Tít. a la coberta: Història del Museu Marítim de Barcelona | ||
| 610 | 0 | |a Museu Marítim (Barcelona, Catalunya) |9 10020 | |
| 610 | 0 | |a Museu Marítim (Barcelona, Catalunya) |x Història |9 10021 | |
| 942 | |c ARXIU |2 udc |n 1 | ||
| 952 | |0 0 |1 0 |4 0 |6 BIB741 |7 1 |9 62590 |a Arxiu |b Arxiu |d 2022-06-30 |l 0 |o Bib-741 |p 26103 |r 2022-06-30 00:00:00 |w 2022-06-30 |y ARXIU |z Donatiu BGR | ||
| 999 | |c 21074 |d 21074 | ||